000 00840cab a2200217 4500
001 ABS38334
008 090401t1987 xxu||||| |||| 00| 0 eng d
035 _a(Sirsi) u9996
041 _aeng
100 _aDenyer-Green, Barry P. D.
245 _aActe administratif: actes reglementaires
260 _c1987
350 _a0
490 _aWorld Property
_v1(6) October 1987, 34-35(2)
520 _aReviews relevant laws which would be of use to foreign investors of commercial property in France , pays particular attention to the Paris region. Deals in turn with the use of the powers of expropriation, authorisation which foreign investors will need from various government departments, property tax and commercial leases.
650 _aINVESTMENT
650 _aOVERSEAS
690 _aOVERSEAS
942 _n0
948 _c04/03/1997
999 _c6284
_d6284